000 00446nam a2200181 4500
001 44782
090 _a44782
100 _a20250918 pory50
101 _apor
_ait
102 _aPT
200 _aBotticelli Inferno
_fdir. e arg. Ralph Loop
_gfot. Tobias Rupp
210 _cFesta do Cinema italiano.com
215 _a1 DVD
225 _aA grande arte no Cinema
_v2
300 _aM/12 93 m.
675 _a7
801 _aPT
_gRPC
990 _cFILMES DVD